000 00458nam a2200193Ia 4500
999 _c4422
_d4422
003 0100
008 130227s9999 xx 000 0 und d
040 _cARRUPELIB
050 _aB785.M84S795
100 _aAnthony Stark
_932913
245 _aThomas More most human of saints
260 _bGuild of Our Lady of Ransom
_aLondon
_c1978
300 _a16p
300 _b 21cm
650 _aThomas More, St.
_932914
942 _2lcc
_cMONOGRAPH